Historias con misterio / (Registro nro. 15609)

Detalles MARC
000 -LEADER
fixed length control field 01571nam a22003377a 4500
003 - CONTROL NUMBER IDENTIFIER
control field OSt
005 - DATE AND TIME OF LATEST TRANSACTION
control field 20250808125227.0
008 - FIXED-LENGTH DATA ELEMENTS--GENERAL INFORMATION
fixed length control field 210915b2009 ck a|||br|||| 00| j spa d
020 ## - INTERNATIONAL STANDARD BOOK NUMBER
International Standard Book Number 9789588471129
040 ## - CATALOGING SOURCE
Original cataloging agency CO-JMCR
Transcribing agency CO-JMCR
041 0# - LANGUAGE CODE
Language code of text/sound track or separate title spa
082 04 - DEWEY DECIMAL CLASSIFICATION NUMBER
Classification number C
Item number AKIh
Edition number 23
100 1# - MAIN ENTRY--PERSONAL NAME
Personal name Akinari, Ueda,
Relator term autor
9 (RLIN) 40509
245 10 - TITLE STATEMENT
Title Historias con misterio /
Statement of responsibility, etc. Ueda Akinari, E.T.A. Hoffmann, Villiers De L´isle-Adam [y 1 más] ; ilustraciones de Rafael Yockteng ; selección e introducción de Julio Paredes Castro
250 ## - EDITION STATEMENT
Edition statement Primera edición
260 ## - PUBLICATION, DISTRIBUTION, ETC.
Place of publication, distribution, etc. Bogotá :
Name of publisher, distributor, etc. Alcaldía Mayor de Bogotá : Secretaría Distrital de Cultura, Recreación y Deporte : Fundación Gilberto Alzate Avendaño,
Date of publication, distribution, etc. 2009
300 ## - PHYSICAL DESCRIPTION
Extent 84 páginas :
Other physical details ilustraciones a blanco y negro ;
Dimensions 17 cm.
490 0# - SERIES STATEMENT
Series statement Libro al viento ;
Volume/sequential designation 60
505 0# - FORMATTED CONTENTS NOTE
Title La carpa de mis sueños /
Statement of responsibility Ueda Akinari
Title Historia de fantasmas /
Statement of responsibility E. T. A. Hoffmann
Title La desconocida /
Statement of responsibility Villiers de L`isle-Adam
Title El anillo de los enamorados /
Statement of responsibility G. K. Chesterton
650 14 - SUBJECT ADDED ENTRY--TOPICAL TERM
Topical term or geographic name entry element Cuentos
General subdivision Colecciones
9 (RLIN) 40510
650 24 - SUBJECT ADDED ENTRY--TOPICAL TERM
Topical term or geographic name entry element Misterio en la literatura
9 (RLIN) 790
650 24 - SUBJECT ADDED ENTRY--TOPICAL TERM
Topical term or geographic name entry element Sentimientos en la literatura
9 (RLIN) 40496
650 24 - SUBJECT ADDED ENTRY--TOPICAL TERM
Topical term or geographic name entry element Terror en la literatura
9 (RLIN) 13931
650 24 - SUBJECT ADDED ENTRY--TOPICAL TERM
Topical term or geographic name entry element Arte en la literatura
9 (RLIN) 40511
650 24 - SUBJECT ADDED ENTRY--TOPICAL TERM
Topical term or geographic name entry element Imaginación fantástica en la literatura
9 (RLIN) 40512
700 1# - ADDED ENTRY--PERSONAL NAME
Personal name Hoffmann, E.T.A.,
Relator term autor
9 (RLIN) 40513
700 1# - ADDED ENTRY--PERSONAL NAME
Personal name L´isle-Adam, Villiers De,
Relator term autor
9 (RLIN) 40514
700 1# - ADDED ENTRY--PERSONAL NAME
Personal name Yockteng, Rafael,
Relator term ilustrador
9 (RLIN) 101
700 1# - ADDED ENTRY--PERSONAL NAME
Personal name Paredes Castro, Julio,
Relator term autor de introducción
9 (RLIN) 14038
942 ## - ADDED ENTRY ELEMENTS (KOHA)
Source of classification or shelving scheme Dewey Decimal Classification
Koha item type Books
Existencias
Withdrawn status Lost status Source of classification or shelving scheme Damaged status Not for loan Collection code Home library Current library Date acquired Source of acquisition Total Checkouts Full call number Barcode Date last seen Date last checked out Copy number Price effective from Koha item type
    Dewey Decimal Classification     Fiction Biblioteca Pública José María del Castillo y Rada Biblioteca Pública José María del Castillo y Rada 08/04/2021 Donación 3 C AKIh 201811052 07/22/2025 07/21/2025 Ej.1 09/15/2021 Books